000 00931cad a22002415a 4500
001 E151060
008 100928s2009 xxk f 100 0 eng d
020 _a9781842195192
035 _a(Sirsi) u151060
041 0 _aeng
100 1 _aMeijer, Frits
111 2 _aConstruction and Building Research Conference
_cUniversity of Cape Town
_d10-11 September 2009
245 0 0 _aMeasuring the evolution of online handling of building permits in Europe
_h[electronic resource]
260 _aLondon
_bRICS
_c2009
520 _aA paper presented at the COBRA Conference in Cape Town on 10-11 September 2009.
590 _aKA
650 2 4 _aCONSTRUCTION AND BUILDING RESEARCH CONFERENCE (COBRA)
651 4 _aEurope
690 _aBUILT ENVIRONMENT
700 1 _aVisscher, Henk
856 4 0 _uhttps://www.rics.org/site/scripts/download_info.aspx?fileID=5049&categoryID=524
_zView the item free of charge at www.rics.org
942 _n0
999 _c111119
_d111119